Modern information retrieval (Record no. 241017)

MARC details
000 -LEADER
fixed length control field 01482nam a22002537a 4500
005 - DATE AND TIME OF LATEST TRANSACTION
control field 20260312142511.0
008 - FIXED-LENGTH DATA ELEMENTS--GENERAL INFORMATION
fixed length control field 260309b |||||||| |||| 00| 0 eng d
020 ## - INTERNATIONAL STANDARD BOOK NUMBER
International Standard Book Number 9788131709771
040 ## - CATALOGING SOURCE
Transcribing agency AL
041 ## - LANGUAGE CODE
Language code of text/sound track or separate title eng
082 ## - DEWEY DECIMAL CLASSIFICATION NUMBER
Classification number 025.04
Item number BAEM
100 ## - MAIN ENTRY--PERSONAL NAME
Personal name Ricardo Baeza Yates
100 ## - MAIN ENTRY--PERSONAL NAME
9 (RLIN) 258632
245 ## - TITLE STATEMENT
Title Modern information retrieval
260 ## - PUBLICATION, DISTRIBUTION, ETC.
Place of publication, distribution, etc. Uttar Pradesh
Name of publisher, distributor, etc. Pearson
Date of publication, distribution, etc. 2024
300 ## - PHYSICAL DESCRIPTION
Extent xx,513p.
Other physical details PB
Dimensions 24x18cm
365 ## - TRADE PRICE
Source of price type code Information Science and Engineering
Price type code ABDI/0854/26
Price amount ₹780.00
Currency code
Unit of pricing ₹1040.00
Price note 25%
Price effective from 19-2-2026
520 ## - SUMMARY, ETC.
Summary, etc. About the Book: Modern Information Retrieval We live in the information age, where swift access to relevant information in whatever form or medium can dictate the success or failure of businesses or individuals. The timely provision of relevant information with minimal noise is critical to modern society and this is what information retrieval (IR) is all about. It is a dynamic subject, with current changes driven by the expansion of the World Wide Web, the advent of modern and inexpensive graphical user interfaces and the development of reliable and low-cost mass storage devices. Modern Information Retrieval discusses all these changes in great detail and can be used for<br/>read more
650 ## - SUBJECT ADDED ENTRY--TOPICAL TERM
Topical term or geographic name entry element Modeling
9 (RLIN) 258301
650 ## - SUBJECT ADDED ENTRY--TOPICAL TERM
Topical term or geographic name entry element Retrieval Evaluation
9 (RLIN) 258302
650 ## - SUBJECT ADDED ENTRY--TOPICAL TERM
Topical term or geographic name entry element Multimedia Languages
9 (RLIN) 258303
650 ## - SUBJECT ADDED ENTRY--TOPICAL TERM
Topical term or geographic name entry element Libraries and Bibliographical Systems
9 (RLIN) 258304
700 ## - ADDED ENTRY--PERSONAL NAME
Personal name Ribeiro Neto, Berthier
9 (RLIN) 258305
942 ## - ADDED ENTRY ELEMENTS (KOHA)
Source of classification or shelving scheme Dewey Decimal Classification
Koha item type Book
Holdings
Withdrawn status Lost status Source of classification or shelving scheme Damaged status Not for loan Collection code Home library Current library Date acquired Source of acquisition Cost, normal purchase price Total Checkouts Full call number Barcode Date last seen Cost, replacement price Price effective from Koha item type
    Dewey Decimal Classification     Information Science and Engineering St Aloysius Engineering Library St Aloysius Engineering Library 02/19/2026 Academic Book Distributors, Bengaluru-562159 780.00   025.04 BAEM SE000266 03/09/2026 1040.00 02/19/2026 Book
    Dewey Decimal Classification     Information Science and Engineering St Aloysius Engineering Library St Aloysius Engineering Library 02/19/2026 Academic Book Distributors, Bengaluru-562159 780.00   025.04 BAEM SE000267 03/09/2026 1040.00 02/19/2026 Book